One Team Player - Incredibly difficult - Statistics

General Stats
  • This quiz has been taken 25 times
    18 since last reset
  • The average score is 11 of 36
Answer Stats
Hint Answer % Correct
AC Milan (902) Paolo Maldini
93%
Barcelona (457) Lionel Messi
80%
Manchester United (963) Ryan Giggs
73%
AS Roma (730) Francesco Totti
67%
Liverpool (737) Jamie Carragher
67%
Manchester United (718) Paul Scholes
67%
Barcelona (754) Xavi
67%
Barcelona (529) Andres Iniesta
60%
Manchester United (602) Gary Neville
60%
Liverpool (702) Steven Gerrard
60%
Real Madrid (707) Iker Casillas
53%
Barcelona (593) Carles Puyol
47%
AS Roma (437) Daniele De Rossi
47%
AC Milan (719) Franco Baresi
40%
Tottenham Hospurt (321) Ledley King
40%
Arsenal (669) Tony Adams
33%
Sao Paulo (1191) Rogerio Ceni
27%
Bayern Munchen (483) Bastian Schweinsteiger
20%
Bayern Munchen (623) Sepp Maier
20%
Internazionale (756) Guiseppe Bergomi
13%
Dynamo Moscow (326) Lev Yashin
13%
Bayern Munchen (554) Hans Georg Schwarzenbeck
7%
Bayern Munchen (545) Klaus Augenthaler
7%
Internazionale (565) Sandro Mazzola
7%
Bayern Munchen (505) Bernd Durnberger
0%
Manchester United (688) Bill Foulkes
0%
Celtic (790) Billy McNeill
0%
Sporting Clube de Portugal (327) Fernando Peyroteo
0%
Internazionale (634) Giacinto Facchetti
0%
AS Roma (450) Giacomo Losi
0%
Juventus (460) Giampiero Boniperti
0%
Barcelona (402) Joan Segarra
0%
Porto (587) Joao Pinto
0%
Rangers (755) John Greig
0%
Real Madrid (711) Manuel Sanchis Hontiyuelo
0%
SL Benfica (575) Nene
0%
No matching quizzes found
Score Distribution
Percent of People with Each Score
Percentile by Number Answered
Your Score History
You have not taken this quiz since the last reset